NMIXX Discography - Statistics

General Stats
  • This quiz has been taken 93 times
  • The average score is 30 of 50
Answer Stats
Answer % Correct
O.O
99%
DICE
96%
Blue Valentine
94%
DASH
91%
TANK
90%
See That?
87%
Roller Coaster
84%
Love Me Like This
83%
Party O'Clock
80%
Know About Me
79%
COOL (Your Rainbow)
76%
Soñar (Breaker)
76%
Run For Roses
74%
High Horse
73%
Young, Dumb, Stupid
73%
Papillon
70%
Ocean
67%
Phoenix
67%
PODIUM
63%
SPINNIN' ON IT
63%
Passionfruit
61%
Slingshot (<★)
61%
HOME
60%
Reality Hurts
60%
RICO
59%
Golden Recipe
57%
XOXO
57%
My Gosh
56%
PAXXWORD
56%
ADORE U
53%
BOOM
53%
Kiss
53%
SICKUHH
53%
Love Is Lonely
51%
Break The Wall
50%
Shape of Love
49%
Crush On You
47%
Funky Glitter Christmas
47%
O.O Part 1 (Baila)
47%
O.O Part 2 (Superhero)
47%
Red light sign, but we go
47%
BEAT BEAT
46%
Game Face
44%
Mexe
41%
Moving On
41%
Just Did It
36%
Hey Gabby!
30%
Come On
24%
Sprinkle Party
19%
Ridin'
4%
No matching quizzes found
Score Distribution
Percent of People with Each Score
Percentile by Number Answered
Your Score History
You have not taken this quiz